[Event "GER M08-C email"]
[Site "GER email"]
[Date "2019.06.19"]
[Round "?"]
[White "Todorov, Dimitar"]
[Black "Woodard, Daniel S"]
[Result "1/2-1/2"]
[WhiteElo "2429"]
[BlackElo "2424"]
[PlyCount "113"]
[EventDate "2019.??.??"]
[EventType "tourn (corr)"]
[EventRounds "10"]
[EventCountry "GER"]
[SourceTitle "Corr 2022"]
[Source "ChessBase"]
[SourceDate "2021.10.24"]
[SourceVersion "1"]
[SourceVersionDate "2021.10.24"]
[SourceQuality "1"]

1. d4 d5 2. c4 c6 3. e3 Nf6 4. Nf3 e6 5. Nbd2 Nbd7 6. b3 Bd6 7. Bb2 0-0 8. Bd3 b6 9. 0-0 Bb7 10. Qe2 Qe7 11. Rad1 Rfe8 12. Ne5 a5 13. e4 a4 14. Nxd7 Nxd7 15. e5 Bb4 16. cxd5 cxd5 17. Nf3 axb3 18. axb3 h6 19. h4 Ra2 20. Ra1 Rea8 21. Rfc1 Rxa1 22. Bxa1 Nb8 23. g4 Ba3 24. Rc2 Ba6 25. Bc3 Bxd3 26. Qxd3 Nc6 27. h5 Qd8 28. Kg2 Rc8 29. Bd2 Nb4 30. Bxb4 Bxb4 31. Ra2 Be7 32. Ng1 Bb4 33. Ne2 Be7 34. f4 Bb4 35. Qe3 Ra8 36. Rc2 Rc8 37. Rb2 Qe7 38. Ra2 Be1 39. Qh3 Qd8 40. Qh1 Bb4 41. Kg3 Ra8 42. Rc2 Rc8 43. Rb2 Ra8 44. Qb1 Rc8 45. Qd1 b5 46. Ra2 Ra8 47. Rxa8 Qxa8 48. g5 hxg5 49. fxg5 Qa2 50. g6 Qd2 51. Qxd2 Bxd2 52. Kf2 fxg6 53. hxg6 Kf8 54. Ng1 Bf4 55. Ke2 Ke7 56. Nf3 Bc1 57. Ne1 1/2-1/2

[Event "GER M08-C email"]
[Site "GER email"]
[Date "2019.06.19"]
[Round "?"]
[White "Woodard, Daniel S"]
[Black "Krauss, Heiko"]
[Result "1/2-1/2"]
[WhiteElo "2424"]
[BlackElo "2396"]
[PlyCount "52"]
[EventDate "2019.??.??"]
[EventType "tourn (corr)"]
[EventRounds "10"]
[EventCountry "GER"]
[SourceTitle "Corr 2022"]
[Source "ChessBase"]
[SourceDate "2021.10.24"]
[SourceVersion "1"]
[SourceVersionDate "2021.10.24"]
[SourceQuality "1"]

1. d4 d5 2. c4 e6 3. Nf3 Nf6 4. g3 dxc4 5. Bg2 a6 6. 0-0 Nc6 7. e3 Bd7 8. Qe2 Bd6 9. Qxc4 0-0 10. Rd1 Qe7 11. Nc3 h6 12. Qe2 Rad8 13. Nd2 e5 14. d5 Nb8 15. Nde4 Nxe4 16. Nxe4 f5 17. Nxd6 cxd6 18. e4 Rf7 19. f3 Rdf8 20. Be3 fxe4 21. fxe4 a5 22. b3 Na6 23. Rf1 Rxf1+ 24. Rxf1 Rxf1+ 25. Bxf1 Qd8 26. Qc4 a4 1/2-1/2

[Event "GER M08-C email"]
[Site "GER email"]
[Date "2019.06.19"]
[Round "?"]
[White "Woodard, Daniel S"]
[Black "Wapniewski, Kay Edgar"]
[Result "1/2-1/2"]
[WhiteElo "2424"]
[BlackElo "2392"]
[PlyCount "56"]
[EventDate "2019.??.??"]
[EventType "tourn (corr)"]
[EventRounds "10"]
[EventCountry "GER"]
[SourceTitle "Corr 2022"]
[Source "ChessBase"]
[SourceDate "2021.10.24"]
[SourceVersion "1"]
[SourceVersionDate "2021.10.24"]
[SourceQuality "1"]

1. d4 Nf6 2. c4 e6 3. Nf3 d5 4. e3 Be7 5. b3 0-0 6. Bb2 c5 7. Bd3 cxd4 8. exd4 b6 9. 0-0 Bb7 10. Nbd2 Nc6 11. Rc1 Rc8 12. Re1 Re8 13. a3 Bf8 14. c5 a5 15. Bc3 bxc5 16. dxc5 d4 17. Bb2 e5 18. Ne4 Nb8 19. b4 Nxe4 20. Bxe4 Bxe4 21. Rxe4 axb4 22. axb4 Nc6 23. Qb3 Rb8 24. b5 Na5 25. Qa4 Qd5 26. Rxe5 Rxe5 27. Nxe5 Nb3 28. Re1 Nxc5 1/2-1/2

[Event "GER CM04-A email"]
[Site "GER email"]
[Date "2017.06.26"]
[Round "?"]
[White "Adelseck, Herbert"]
[Black "Woodard, Daniel S"]
[Result "0-1"]
[WhiteElo "2396"]
[BlackElo "2415"]
[PlyCount "88"]
[EventDate "2017.??.??"]
[EventType "tourn (corr)"]
[EventRounds "10"]
[EventCountry "GER"]
[SourceTitle "Corr 2020"]
[Source "ChessBase"]
[SourceDate "2019.09.30"]
[SourceVersion "1"]
[SourceVersionDate "2019.09.30"]
[SourceQuality "1"]

1. d4 d5 2. c4 c6 3. Nf3 Nf6 4. Nc3 e6 5. g3 dxc4 6. Bg2 b5 7. Ne5 Qb6 8. 0-0 Bb7 9. a4 a5 10. Bf4 Bb4 11. Qc2 Nd5 12. Bxd5 cxd5 13. axb5 f6 14. Nf3 0-0 15. Rfb1 Nd7 16. Be3 Rfd8 17. h4 Re8 18. Ra2 Nf8 19. h5 h6 20. Rba1 Qd6 21. Nh4 Qd7 22. Ra4 Rab8 23. Ng6 e5 24. Rd1 e4 25. Bf4 Rbd8 26. Nxf8 Rxf8 27. Rda1 Qh3 28. Qd1 Rfe8 29. Qf1 Qxh5 30. Bc7 Rd7 31. Bxa5 Bxc3 32. bxc3 f5 33. e3 f4 34. exf4 Rf7 35. Qg2 Bc8 36. Bb4 Bh3 37. Qh1 Kh7 38. R4a2 Rf6 39. Re1 Ree6 40. Qh2 Qg4 41. Ba5 Rxf4 42. Bc7 Rf3 43. Rae2 Ref6 44. Re3 Qf5 0-1

[Event "GER CM04-A email"]
[Site "GER email"]
[Date "2017.06.26"]
[Round "?"]
[White "Mende, Ingus"]
[Black "Woodard, Daniel S"]
[Result "1/2-1/2"]
[WhiteElo "2419"]
[BlackElo "2415"]
[PlyCount "51"]
[EventDate "2017.??.??"]
[EventType "tourn (corr)"]
[EventRounds "10"]
[EventCountry "GER"]
[SourceTitle "Corr 2020"]
[Source "ChessBase"]
[SourceDate "2019.09.30"]
[SourceVersion "1"]
[SourceVersionDate "2019.09.30"]
[SourceQuality "1"]

1. d4 d5 2. c4 c6 3. Nf3 Nf6 4. e3 e6 5. b3 c5 6. Bd3 cxd4 7. exd4 Bb4+ 8. Nbd2 Bc3 9. Rb1 Nc6 10. Qc2 dxc4 11. bxc4 Bxd4 12. Ne4 h6 13. 0-0 Nxe4 14. Bxe4 0-0 15. Rd1 e5 16. Nxe5 Nxe5 17. Be3 Nc6 18. Bxd4 Nxd4 19. Qb2 Re8 20. Rxd4 Qf6 21. Qd2 Rb8 22. h4 b6 23. Rb3 Bb7 24. Rf3 Qe5 25. Bd5 Qe1+ 26. Qxe1 1/2-1/2

[Event "GER CM04-A email"]
[Site "GER email"]
[Date "2017.06.26"]
[Round "?"]
[White "Woodard, Daniel S"]
[Black "Bars, Joachim"]
[Result "1/2-1/2"]
[WhiteElo "2415"]
[BlackElo "2386"]
[PlyCount "104"]
[EventDate "2017.??.??"]
[EventType "tourn (corr)"]
[EventRounds "10"]
[EventCountry "GER"]
[SourceTitle "Corr 2020"]
[Source "ChessBase"]
[SourceDate "2019.09.30"]
[SourceVersion "1"]
[SourceVersionDate "2019.09.30"]
[SourceQuality "1"]

1. d4 Nf6 2. c4 e6 3. g3 d5 4. Nf3 Bb4+ 5. Bd2 Be7 6. Bg2 0-0 7. 0-0 c6 8. Qc2 b6 9. Bf4 Bb7 10. Rd1 Nbd7 11. Ne5 Nh5 12. Bd2 Nhf6 13. cxd5 cxd5 14. Nc6 Bxc6 15. Qxc6 Rc8 16. Qb5 Ne8 17. Qa4 Nd6 18. Na3 Ra8 19. Rdc1 a6 20. Rc6 b5 21. Qd1 Nb7 22. Nb1 Nb6 23. b3 Rc8 24. Rxc8 Qxc8 25. e3 Qc7 26. Bf1 g6 27. Nc3 Ba3 28. Bc1 Bb4 29. Ne2 Rc8 30. a3 Bd6 31. Bd2 Nd8 32. Nc1 Nc6 33. Nd3 Qe7 34. Ra2 Bxa3 35. Qa1 b4 36. Ne1 a5 37. Nc2 Nd7 38. Nxa3 bxa3 39. Qc1 Qd6 40. Qxa3 Qxa3 41. Rxa3 Rb8 42. Be2 h5 43. Bd1 Rb5 44. Ra2 Kf8 45. Rc2 Rb6 46. Kg2 Ke7 47. Bc1 e5 48. dxe5 Ndxe5 49. Ba3+ Kd7 50. Rc5 Ke6 51. h4 Nd3 52. Rc3 Ncb4 1/2-1/2